Reglamento del Ateneo Obrero de Barcelona
Descripción Física:
16 p. ; 21 cm
MARC
| LEADER | 00000nam a2200000Ia 4500 | ||
|---|---|---|---|
| 001 | 11688 | ||
| 008 | 160829s1915 xx 000 0 cat d | ||
| 080 | |a RF-7-14 | ||
| 110 | |a Ateneu Obrer de Barcelona |9 69878 | ||
| 245 | |a Reglamento del Ateneo Obrero de Barcelona | ||
| 260 | |a Barcelona : |b (Imp. La Asociación), |c 1915 | ||
| 300 | |a 16 p. ; |c 21 cm | ||
| 590 | |a Prové de Q-275, exp. 60 | ||
| 650 | |a Ateneu Obrer de Barcelona |x Reglaments i procediment |9 46704 | ||
| 856 | 4 | |u https://media.diba.cat/diba/fitxers/arxiu/fulletons/bib_11688_1915_baixa.pdf |y Accés lliure | |
| 856 | 4 | |u https://media.diba.cat/diba/fitxers/arxiu/fulletons/bib_11688_1915_baixa.pdf |y Accés lliure | |
| 901 | |a Arxiu | ||
| 942 | |n 1 |2 udc | ||
| 952 | |0 0 |1 0 |4 0 |6 RF714 |7 1 |9 53399 |a Arxiu |b Arxiu |d 2016-12-01 |l 0 |o RF-7-14 |p 11688 |r 2016-12-01 00:00:00 |w 2016-12-01 |y ARXIU | ||
| 999 | |c 57264 |d 57264 | ||
| 900 | |a bib_11688_1915_baixa.pdf | ||